| 000 | 01024nam a2200289 a 4500 | ||
|---|---|---|---|
| 001 | BRL_181 | ||
| 005 | 20190320210626.0 | ||
| 008 | 860401s1985 mx-######b---f000-0bspa-# | ||
| 020 | _a9682905338 | ||
| 040 |
_aDLC _cDLC _dDLC |
||
| 050 | 4 |
_aF1232.L89 _b.I53 1985 |
|
| 245 | 1 | 0 |
_aLa independencia según Ignacio Rayón _cIgnacio Rayón hijo, Ignacio Oyarzábal y otros, Ignacio Rayón ; introducción, selección y complemento biográfico, Carlos Herrejón Peredo. |
| 260 |
_aMéxico _bSEP _c1985 |
||
| 300 |
_a273 p. _c21 cm. |
||
| 440 | 0 |
_aCien de México _93027 |
|
| 500 | _aAu234 | ||
| 600 | 1 | 4 |
_aLópez Rayón, Ignacio _d1773-1832 _912516 |
| 650 | 1 | 4 |
_aRevolucionarios _vBiografías _zMéxico _923147 |
| 651 | 4 |
_aMéxico _xHistoria _y1810-1821 _923148 |
|
| 651 | 4 |
_aMéxico _xHistoria _y1821-1861 _9618 |
|
| 700 | 1 |
_aRayón, Ignacio _923149 |
|
| 700 | 1 |
_aOyarzábal, Ignacio _923150 |
|
| 700 | 1 |
_aLópez Rayón, Ignacio _d1773-1832 _912516 |
|
| 700 | 1 |
_aHerrejón Peredo, Carlos _94374 |
|
| 902 | _aGRL | ||
| 942 |
_2lcc _cB |
||
| 999 |
_c8994 _d8994 |
||